000 00736nam a2200289Ia 4500
008 171120s9999 xx 000 0 und d
020 _a9.7807607375e+012
050 _a520
050 _bF235 2001
100 _aFarndon, John
245 _a1000 facts on space /
245 _cby John Farndon and Tim Furniss.
260 _aNew York :
260 _bBarns and Noble Inc.,
260 _c2001
300 _a224 pages :
300 _bcolor illustrations ;
300 _c18cm.
500 _aIncludes index.
650 _aOuter space --
650 _aSpace science --
650 _aSpace sciences.
650 _xJuvenile literature.
650 _xJuvenile literature.
700 _aFurniss, Tim.
700 _aTitle.
999 _c345040
_d345040